Gymnastics Terms Quiz - Statistics

General Stats
  • This quiz has been taken 361 times
  • The average score is 10 of 12
Answer Stats
Hint Answer % Correct
Is Gabby Dougles a gymnasts? (yes or no) Yes
95%
Do you get most rips from bars or floor? Bars
94%
Female gymnasts are their best at gymnastics at what age? 14-18
93%
What do you mostly wear at gymnastics? Leotard
93%
What do gymnasts put on there hands for bars that is like dust? Chalk
92%
What age do most major gymnasts start there carreer? 2-3
91%
What do you call it when you do a mount off the beam? Dismount
91%
What is it called when you do a back flip with your hands on the ground? Back Handspring
88%
What do you call a back flip in gymnastics? Back Tuck
86%
Is novice beginner of pro? Beginner
71%
What is it called when your going to a compitition? Meet
64%
What do you call it when you put your feet on the top part of the low bar and jump to the high bar? Squat On
48%
No matching quizzes found
Score Distribution
Percent of People with Each Score
Percentile by Number Answered
Your Score History
You have not taken this quiz